Hành trình về thời đại Hùng Vương dựng nước

Đã lưu trong:
Bibliografiske detaljer
Hovedforfatter: Lê Văn Hảo
Format: Bog
Sprog:Undetermined
Udgivet: Hà Nội Thanh niên 2000
Tags: Tilføj Tag
Ingen Tags, Vær først til at tagge denne postø!
Thư viện lưu trữ: Trung tâm Học liệu Trường Đại học Cần Thơ
LEADER 00547nam a2200181Ia 4500
001 CTU_39417
008 210402s9999 xx 000 0 und d
020 |b 24.000đ 
082 |a 959.7001 
082 |b H108/2000 
100 |a Lê Văn Hảo 
245 0 |a Hành trình về thời đại Hùng Vương dựng nước 
245 0 |c Lê Văn Hảo 
260 |a Hà Nội 
260 |b Thanh niên 
260 |c 2000 
904 |i Nguyễn Quang Điền, 001115 
980 |a Trung tâm Học liệu Trường Đại học Cần Thơ